000 00742nam a2200229 a 4500
001 000032400
003 DO-SdBNP
005 20220504093809.0
007 ta
008 110715s1963 dr r 000 0 spa d
040 _aDO-SdBNP
_bspa
_cBNPHU
082 4 _a972.9358
_bM385d
_222
100 1 _aMartínez, Rufino,
_d1893-1975
_958369
245 1 0 _aDel Puerto Plata de ayer /
_cRufino Martínez.
260 _aSanto Domingo :
_bDel Caribe,
_c1963.
300 _a126 p. ;
_c23 cm.
590 _aInventariado, 2018/ YL
650 4 _aCiudades y pueblos
_zRepública Dominicana, Puerto Plata
_918636
651 4 _aPuerto Plata (República Dominicana{Rpara}
_xHistoria Local
_91943
910 _aValidado. Control de validad MFF
942 _2ddc
_cLBS1
999 _c31891
_d31891